পবিত্র কোরআনের আলোকে আল্লাহর মানব-সৃষ্টির মহাপরিকল্পনা ও তার বাস্তবায়ন (Record no. 76448)
[ view plain ]
| 000 -LEADER | |
|---|---|
| fixed length control field | 01271nam a2200229 a 4500 |
| 001 - CONTROL NUMBER | |
| control field | 76448 |
| 003 - CONTROL NUMBER IDENTIFIER | |
| rucl marc code | BD-RjUL |
| 005 - DATE AND TIME OF LATEST TRANSACTION | |
| control field | 20211209082838.0 |
| 008 - FIXED-LENGTH DATA ELEMENTS--GENERAL INFORMATION | |
| fixed length control field | 191205s2017 bg ||||| |||| 00| 0 ben d |
| 020 ## - INTERNATIONAL STANDARD BOOK NUMBER | |
| International Standard Book Number | 9789843425348 |
| 035 ## - SYSTEM CONTROL NUMBER | |
| System control number | (BD-RjUL) |
| 040 ## - CATALOGING SOURCE | |
| Original cataloging agency | BD-RjUL |
| Language of cataloging | ben |
| Transcribing agency | BD-RjUL |
| Modifying agency | BD-RjUL |
| Description conventions | BD-RjUL |
| 041 ## - LANGUAGE CODE | |
| Language code of text/sound track or separate title | ben |
| 082 ## - DEWEY DECIMAL CLASSIFICATION NUMBER | |
| Classification number | 297.225 |
| Author mark and year | ALG 2017 |
| Edition number | 23 |
| 100 10 - MAIN ENTRY--PERSONAL NAME | |
| Personal name | আলী, মোহাম্মদ রওশন |
| 9 (RLIN) | 236059 |
| 245 10 - TITLE STATEMENT | |
| Title | পবিত্র কোরআনের আলোকে আল্লাহর মানব-সৃষ্টির মহাপরিকল্পনা ও তার বাস্তবায়ন |
| Remainder of title | = God's Masterplan for the Creation of Mankind and its Execution in the Light of the Holy Quran / |
| Statement of responsibility, etc. | অধ্যাপক ড: মোহাম্মদ রওশন আলী |
| 260 ## - PUBLICATION, DISTRIBUTION, ETC. (IMPRINT) | |
| Place of publication, distribution, etc. | ঢাকা : |
| Name of publisher, distributor, etc. | রওশন আলী ও জোহরা আলী ওয়েলফেয়ার ট্রাস্ট, |
| Date of publication, distribution, etc. | ২০১৭ |
| 300 00 - PHYSICAL DESCRIPTION | |
| Pagination | ix, ১০০ পৃ. ; |
| Size | ২২ সেমি. |
| 650 ## - SUBJECT ADDED ENTRY--TOPICAL TERM | |
| Topical term or geographic name as entry element | ধর্মতত্ত্ব নৃবিজ্ঞান |
| General subdivision | ইসলাম |
| Form subdivision | কোরানীয় শিক্ষা |
| 9 (RLIN) | 236061 |
| Topical term or geographic name as entry element | Theological anthropology |
| General subdivision | Islam |
| Form subdivision | Qurʼanic teaching. |
| 9 (RLIN) | 236066 |
| 942 ## - ADDED ENTRY ELEMENTS (KOHA) | |
| Source of classification or shelving scheme | Dewey Decimal Classification |
| Koha item type | Books |
| Lost status | Source of classification or shelving scheme | Damaged status | Not for loan | Collection code | Permanent Location | Current Location | Shelving location | Date acquired | Source of acquisition | Cost, normal purchase price | Total Checkouts | Full call number | Date last seen | Copy number | Koha item type |
|---|---|---|---|---|---|---|---|---|---|---|---|---|---|---|---|
| Dewey Decimal Classification | Not For Loan | Non-fiction | Central Library, University of Rajshahi | Central Library, University of Rajshahi | Reading Room | 24/10/2019 | Author | 300.00 | B 297.225 ALG 2017 | 05/12/2019 | C-1 | Books |